<?xml version="1.0" encoding="UTF-8"?>
<collection xmlns="http://www.loc.gov/MARC21/slim">
    <record>
        <controlfield tag="001">76808</controlfield>
        <controlfield tag="005">20190115134157.0</controlfield>
        <datafield tag="037" ind1=" " ind2=" ">
            <subfield code="a">TAZ-TFG-2018-3065</subfield>
        </datafield>
        <datafield tag="041" ind1=" " ind2=" ">
            <subfield code="a">spa</subfield>
        </datafield>
        <datafield tag="100" ind1="1" ind2=" ">
            <subfield code="a">Gómez Lacasa, José Javier</subfield>
        </datafield>
        <datafield tag="242" ind1="0" ind2="0">
            <subfield code="a">Study of innovation trends in food packaging</subfield>
        </datafield>
        <datafield tag="245" ind1="0" ind2="0">
            <subfield code="a">Estudio de tendencias de innovación en envases alimentarios</subfield>
        </datafield>
        <datafield tag="260" ind1=" " ind2=" ">
            <subfield code="a">Zaragoza</subfield>
            <subfield code="b">Universidad de Zaragoza</subfield>
            <subfield code="c">2018</subfield>
        </datafield>
        <datafield tag="506" ind1=" " ind2=" ">
            <subfield code="a">by-nc-sa</subfield>
            <subfield code="b">Creative Commons</subfield>
            <subfield code="c">3.0</subfield>
            <subfield code="u">http://creativecommons.org/licenses/by-nc-sa/3.0/</subfield>
        </datafield>
        <datafield tag="520" ind1=" " ind2=" ">
            <subfield code="a">En la actualidad, la concienciación por el medioambiente y los nuevos estilos de vida suponen un desafío para la industria alimentaria. Desarrollar envases que cumplan con todas las funciones principales del envasado en el ambiente idóneo, y que además satisfagan las demandas y expectativas del consumidor de forma sostenible no es una tarea sencilla. En este trabajo se establece el objetivo de describir las principales tendencias de innovación en envases alimentarios, ilustrándolas con algunos ejemplos que ya se pueden encontrar en el mercado y con otros que pueden esperarse en un futuro no muy lejano, ofreciendo una visión de las preferencias del consumidor actual y de cómo evolucionarán en un futuro. Para ello se ha consultado bibliografía específica del ámbito del envasado (packaging) y de la innovación alimentaria, seleccionando las innovaciones de mayor relevancia, a la vez que se han especificado los motivos que las han impulsado a ser tan determinantes. Como resultado de esta revisión se establece que la mayor parte de las innovaciones en envasado de alimentos se centran en la conveniencia y en la comunicación, dado que las características de contención y protección del envase se dan por hecho por parte del consumidor. Dichas innovaciones deben darse dentro de un marco de sostenibilidad medioambiental y económica, para empresas y consumidores. Estos últimos serán el epicentro a tener en cuenta para llevar a cabo nuevas innovaciones en éste ámbito.</subfield>
        </datafield>
        <datafield tag="521" ind1=" " ind2=" ">
            <subfield code="a">Graduado en Ciencia y Tecnología de los Alimentos</subfield>
        </datafield>
        <datafield tag="540" ind1=" " ind2=" ">
            <subfield code="a">Derechos regulados por licencia Creative Commons</subfield>
        </datafield>
        <datafield tag="700" ind1=" " ind2=" ">
            <subfield code="a">Ariño Moneva, Agustín</subfield>
            <subfield code="e">dir.</subfield>
        </datafield>
        <datafield tag="710" ind1="2" ind2=" ">
            <subfield code="a">Universidad de Zaragoza</subfield>
            <subfield code="b">Producción Animal y Ciencia de los Alimentos</subfield>
            <subfield code="c">Nutrición y Bromatología</subfield>
        </datafield>
        <datafield tag="856" ind1="0" ind2=" ">
            <subfield code="f">699822@celes.unizar.es</subfield>
        </datafield>
        <datafield tag="856" ind1="4" ind2=" ">
            <subfield code="s">1541606</subfield>
            <subfield code="u">http://zaguan.unizar.es/record/76808/files/TAZ-TFG-2018-3065.pdf</subfield>
            <subfield code="y">Memoria (spa)</subfield>
        </datafield>
        <datafield tag="909" ind1="C" ind2="O">
            <subfield code="o">oai:zaguan.unizar.es:76808</subfield>
            <subfield code="p">driver</subfield>
            <subfield code="p">trabajos-fin-grado</subfield>
        </datafield>
        <datafield tag="950" ind1=" " ind2=" ">
            <subfield code="a"></subfield>
        </datafield>
        <datafield tag="951" ind1=" " ind2=" ">
            <subfield code="a">deposita:2019-01-15</subfield>
        </datafield>
        <datafield tag="980" ind1=" " ind2=" ">
            <subfield code="a">TAZ</subfield>
            <subfield code="b">TFG</subfield>
            <subfield code="c">VET</subfield>
        </datafield>
        <datafield tag="999" ind1=" " ind2=" ">
            <subfield code="a">20180910222048.CREATION_DATE</subfield>
        </datafield>
    </record>

    
</collection>